Subdivisions Bordering Belgium - Statistics

General Stats
  • This quiz has been taken 20 times
  • The average score is 5 of 10
Answer Stats
Country Answer % Correct
Germany Rhineland-Palatinate
79%
France Grand Est
71%
Germany North Rhine-Westphalia
71%
France Hauts-de-France
64%
Netherlands Netherlands
57%
Luxembourg Clervaux
29%
Luxembourg Esch-sur-Alzette
29%
Luxembourg Capellen
21%
Luxembourg Wiltz
21%
Luxembourg Redange
14%
No matching quizzes found
Score Distribution
Percent of People with Each Score
Percentile by Number Answered
Your Score History
You have not taken this quiz